000 00319 a2200157 4500
001 73946
020 _a8478387420
040 _cAnchieta - Colégio São Paulo
100 _aRogerson, John
240 1 0 _aA bíblia
_lEsp
245 1 0 _aA bíblia
300 _a124
362 0 _a1996
650 4 _aBíblia
942 _cBK
999 _c73946
_d73946